Planeamiento urbans̕tico y desarrollo sostenible

Detalles Bibliográficos
Formato: Libro
Lenguaje:español
Publicado: Madrid Dykinson 2015
Materias:
Acceso en línea:Acceso retringido

MARC

LEADER 00000nam a22000007a 4500
005 20150930085522.0
007 cr|||| ||||
008 150930s2015 sp ||||| |||| 00| 0 spa d
020 |a 978-84-9085-339-9 
035 |a 12872 
040 |a vLex 
090 |c 5562  |d 5562 
100 1 |4 Gm̤ez Manresa, M®. Fuensanta  
245 1 0 |a Planeamiento urbans̕tico y desarrollo sostenible  |h [Recurso electrn̤ico] /  |c M®. Fuensanta Gm̤ez Manresa 
256 |a Servicio en ln̕ea 
260 |a Madrid  |b Dykinson  |c 2015 
300 |a 1 recurso electrn̤ico 
500 |a Esta monografa̕ analiza en el rǧimen jurd̕ico de la planificacin̤ urbans̕tica, incidiendo en su conexin̤ con la ordenacin̤ territorial y ambiental, desde su puesta en valor para la consecucin̤ del desarrollo sostenible, del necesario equilibrio entre un desarrollo econm̤ico y social ordenado y la proteccin̤ de los recursos naturales, tarea en la que ocupa un papel relevante el principio de racionalidad, en tanto que criterio excluyente de la arbitrariedad en el ejercicio de la potestad de planeamiento, que enlaza con cuestiones como la motivacin̤ de las decisiones urbans̕ticas o la suspensin̤ de licencias, medida cautelar garante de las previsiones contenidas en los planes urbans̕ticos. El libro incluye, tambiň, en třminos de sostenibilidad, un estudio de la incidencia de los instrumentos de planeamiento −planes, proyectos y programas− en la gestin̤ sostenible del entorno, as ̕como la confluencia del planeamiento y la contratacin̤ pb︢lica, con una referencia expresa, como no poda̕ ser de otro modo, a los convenios urbans̕ticos de planeamiento, en el nuevo marco normativo europeo, en especial, la Directiva 2014/24/UE, para poner de manifiesto las peculiaridades existentes en la materia. 
506 1 |a Contenido solo disponible en los productos indicados  |d vLex Global  |d vLex Global (Academic Edition, excluding Law Schools)  |d vLex Global (U.S. Academic Edition, Law Schools)  |d vLex Global (U.S. Academic Edition, excluding Law Schools)  |d vLex Global (Academic Edition, Law Schools) 
650 0 4 |a Urbanismo  |z Madrid 
740 0 |a vLex libros (Servicio en ln̕ea) 
856 4 0 |u http://vlex.com/source/planeamiento-urbanistico-y-desarrollo-sostenible-12872  |z Acceso retringido  
942 |c BOOK 
999 0 |a City planning